01166nam a2200229 a 450000100100000000500170001000800410002702000180006804000250008608200160011110000440012724501060017126000850027730000210036250400310038370000360041495201200045095201140057095201200068495201150080499900170091900003681820200930075944.0120201s2010 dr 000 0 spa d a9789945003888 aDO-SdBNPbspacBNPHU axxxxbR789e1 aRosario Taveras, Urbaldo,d1967-96315610aEstudio jurídico :bcontaminación por ruido. /cUrbaldo Rosario Taveras, Victor Montaño Torres. aSantiago de los Caballeros, República Dominicana :bEdiciones Escritos,c2010. a232 p. ;c21 cm. aBibliografía : p.231-2321 aMontaño Torres, Victor963157 0010718DSaGRbGRcCTd2012-02-01iLF1l0oxxxx R789ep36818-30r2020-06-25te. 3w2020-06-25yLFDSZNo se presta 0010718PDaPDbPDcCTd2012-02-01iLF1l0oxxxx R789ep36818-10r2020-06-25w2020-06-25yLFPDZNo se presta 0010718PDaPDbPDcCTd2012-02-01iLF1l0oxxxx R789ep36818-20r2020-06-25te. 2w2020-06-25yLFPDZNo se presta 00107-18PDaGRbGRcOId2012-02-01iLF1l0oxxxx R789ep36819-10r2020-06-25w2020-06-25yLFPDZNo se presta c36309d36309